[Event "EU-ch U10 Girls 30th"]
[Site "Antalya"]
[Date "2022.11.11"]
[Round "6"]
[White "Oksanen, Maria"]
[Black "Zavivaeva, Angelina"]
[Result "1-0"]
[WhiteElo "1411"]
[BlackElo "1067"]
[PlyCount "107"]
[EventDate "2022.11.06"]
[EventType "swiss"]
[EventRounds "9"]
[EventCountry "TUR"]
[SourceTitle "CBM 211 Extra"]
[Source "ChessBase"]
[SourceDate "2023.01.31"]
[SourceVersion "1"]
[SourceVersionDate "2023.01.31"]
[SourceQuality "1"]

1. e4 c6 2. d4 d5 3. f3 dxe4 4. fxe4 Nf6 5. e5 Bg4 6. Qd3 Nd5 7. c4 Nb6 8. Be3 e6 9. Nc3 Be7 10. h3 Bh4+ 11. Bf2 Bxf2+ 12. Kxf2 Bf5 13. Qe3 Qh4+ 14. g3 Qe7 15. h4 N8d7 16. Be2 h6 17. g4 Bg6 18. Nf3 0-0-0 19. a4 Rhf8 20. a5 Na8 21. d5 Qc5 22. Nd4 exd5 23. cxd5 Kb8 24. b4 Qe7 25. dxc6 Qxe5 26. cxd7 Qf6+ 27. Nf3 Rxd7 28. Qe5+ Qxe5 29. Nxe5 Rd4 30. Ke3 Rdd8 31. Nxg6 fxg6 32. Bf3 Rde8+ 33. Kf2 Rc8 34. Nd5 Rcd8 35. Rhd1 Nc7 36. Nxc7 Kxc7 37. Rxd8 Kxd8 38. Kg3 Kc7 39. Re1 Rf7 40. Re6 Kc8 41. Rxg6 a6 42. Rb6 Kb8 43. b5 axb5 44. Rxb5 Kc8 45. g5 hxg5 46. hxg5 Re7 47. g6 Rc7 48. Kg4 Rc4+ 49. Kg5 Rc7 50. Rf5 Re7 51. Rf8+ Kc7 52. Rf7 Rd7 53. Rxd7+ Kxd7 54. Bxb7 1-0